000 00896cam a2200157 4500500
005 20260322001832.0
041 _afre
042 _adc
100 1 0 _aThebault, Georgia
_eauthor
245 0 0 _aHomenaje a Ghazala Azmat
260 _c2026.
500 _a5
520 _aLos conflictos armados pueden tener efectos ambiguos sobre la riqueza de las poblaciones afectadas. Debido a la complejidad de los conflictos modernos, es difícil identificar un único efecto de los conflictos armados sobre la distribución del capital. En este sentido, la tríada espacios, actores y políticas públicas permite dar cuenta de los efectos divergentes de los conflictos armados sobre la distribución del capital.
786 0 _nRevue économique | 76 | 4 | 2026-01-16 | p. 503-504 | 0035-2764
856 4 1 _uhttps://shs.cairn.info/revista-revue-economique-2025-4-page-503?lang=es&redirect-ssocas=7080
999 _c1718259
_d1718259